[Event "Paul Keres mem (28th)"]
[Site "Vancouver CAN"]
[Date "2003.05.18"]
[Round "4"]
[White "Chapman, Erik"]
[Black "Fullbrook, Nigel"]
[Result "0-1"]
[WhiteElo "2021"]
[BlackElo "2175"]
[PlyCount "128"]
[EventDate "2003.05.16"]
[EventType "swiss"]
[EventRounds "7"]
[EventCountry "CAN"]
[Source "Mark Crowther"]
[SourceDate "2003.05.26"]

1. e4 c5 2. Nf3 Nc6 3. d4 cxd4 4. Nxd4 Nf6 5. Nc3 g6 6. Bc4 d6 7. Be3 Bg7 8.
Qd2 Ng4 9. Nde2 Nxe3 10. Qxe3 Ne5 11. Bb3 Be6 12. Bxe6 fxe6 13. Qh3 Qc8 14. Nf4
Kf7 15. O-O Nc4 16. Nd1 Nxb2 17. Nxb2 Bxb2 18. Rab1 Bf6 19. Rb3 e5 20. Qxc8
Rhxc8 21. Nd5 b6 22. c3 e6 23. Nxf6 Kxf6 24. Rd1 Rd8 25. c4 Rac8 26. Rf3+ Kg7
27. Ra3 Rd7 28. Ra4 Kf6 29. f3 Ke7 30. Kf2 Rc5 31. Ke3 Rdc7 32. Kd3 d5 33. cxd5
exd5 34. exd5 Rxd5+ 35. Ke2 Rc2+ 36. Ke1 Rxd1+ 37. Kxd1 Rxg2 38. Rxa7+ Kf6 39.
Rxh7 Rxa2 40. h4 Rf2 41. Rb7 Rxf3 42. Rxb6+ Kf5 43. Rb8 Rh3 44. Rh8 Ke4 45. Kd2
Rh2+ 46. Kc3 Ke3 47. Rh6 e4 48. Rxg6 Rxh4 49. Ra6 Rh7 50. Kc2 Ke2 51. Kc3 e3
52. Kd4 Rd7+ 53. Ke4 Re7+ 54. Kd4 Kf2 55. Rf6+ Ke1 56. Kd3 e2 57. Kc2 Rc7+ 58.
Kb2 Rc5 59. Rf8 Kd2 60. Rd8+ Ke3 61. Re8+ Kd3 62. Re7 Rc4 63. Re8 Re4 64. Rd8+
Ke3 0-1

[Event "Paul Keres mem (28th)"]
[Site "Vancouver CAN"]
[Date "2003.05.18"]
[Round "4"]
[White "Collins, Casey"]
[Black "Martinson, Rick"]
[Result "1/2-1/2"]
[WhiteElo "1683"]
[BlackElo "1810"]
[PlyCount "106"]
[EventDate "2003.05.16"]
[EventType "swiss"]
[EventRounds "7"]
[EventCountry "CAN"]
[Source "Mark Crowther"]
[SourceDate "2003.05.26"]

1. d4 f5 2. c4 Nf6 3. Nf3 d6 4. Nc3 g6 5. Bg5 Bg7 6. g3 O-O 7. Qd2 Nc6 8. Bh6
e5 9. Bxg7 Kxg7 10. dxe5 dxe5 11. O-O-O Qxd2+ 12. Rxd2 Ne4 13. Nxe4 fxe4 14.
Ng5 Rxf2 15. Nxe4 Rf7 16. Bg2 Nd4 17. Ng5 Re7 18. Be4 c5 19. Rf1 h6 20. Nf3 Bg4
21. Nxd4 exd4 22. Bf3 Bh3 23. Rf2 Rae8 24. Bg2 Bf5 25. Bd5 b6 26. Bg2 Be4 27.
Bxe4 Rxe4 28. Kd1 g5 29. Rd3 g4 30. Rd2 Kg6 31. Rd3 h5 32. Kd2 R8e7 33. Kd1 Rf7
34. Rxf7 Kxf7 35. Kd2 Kf6 36. b3 Kf5 37. e3 dxe3+ 38. Rxe3 Rd4+ 39. Ke2 Re4 40.
Kd3 Rd4+ 41. Ke2 a6 42. Rd3 b5 43. cxb5 Re4+ 44. Kd2 axb5 45. Rd5+ Re5 46.
Rxe5+ Kxe5 47. Ke3 b4 48. Kd3 Kd5 49. Ke3 c4 50. bxc4+ Kxc4 51. Kd2 Kd4 52. Kc2
Kc4 53. Kd2 Kd4 1/2-1/2

[Event "Paul Keres mem (28th)"]
[Site "Vancouver CAN"]
[Date "2003.05.18"]
[Round "4"]
[White "Davies, Lucas"]
[Black "Ferguson, Jim"]
[Result "1/2-1/2"]
[WhiteElo "1980"]
[BlackElo "2186"]
[PlyCount "120"]
[EventDate "2003.05.16"]
[EventType "swiss"]
[EventRounds "7"]
[EventCountry "CAN"]
[Source "Mark Crowther"]
[SourceDate "2003.05.26"]

1. e4 c5 2. Nc3 Nc6 3. g3 g6 4. Bg2 Bg7 5. d3 d6 6. Be3 e5 7. Qd2 Nge7 8. Bh6
Bxh6 9. Qxh6 Nd4 10. Qd2 Qa5 11. h3 Be6 12. f4 exf4 13. gxf4 O-O-O 14. Nf3
Nxf3+ 15. Bxf3 d5 16. exd5 Nxd5 17. Nxd5 Qxd2+ 18. Kxd2 Bxd5 19. Bxd5 Rxd5 20.
Rae1 Rhd8 21. Re4 Rh5 22. Ke3 Rd6 23. Kf3 Kc7 24. Kg3 Rf5 25. Rhe1 Rdf6 26.
Re7+ Kc6 27. R1e4 g5 28. fxg5 Rxg5+ 29. Rg4 Rgf5 30. Re2 Rf1 31. a4 Rb1 32. b3
Rbf1 33. Kg2 R1f5 34. Kg3 Kd5 35. Kg2 Kd6 36. Kg3 h5 37. Rg8 Rg6+ 38. Rxg6+
fxg6 39. Kg2 Re5 40. Rf2 Ke6 41. Kg3 Rg5+ 42. Kh2 Rf5 43. Re2+ Re5 44. Rf2 g5
45. Kg3 Re3+ 46. Kg2 Ke5 47. Rf7 Re2+ 48. Kf3 Rxc2 49. Rxb7 Rd2 50. Rd7 Ke6 51.
Rd8 Rh2 52. Kg3 Rb2 53. Rb8 Rd2 54. Rd8 Rc2 55. Rg8 Kf6 56. Rf8+ Kg7 57. Rf5
Kg6 58. Rd5 Rc3 59. Kg2 Rxb3 60. Rxc5 Rxd3 1/2-1/2

[Event "Paul Keres mem (28th)"]
[Site "Vancouver CAN"]
[Date "2003.05.18"]
[Round "4"]
[White "Fleming, Balin"]
[Black "Moura, Eduardo"]
[Result "1/2-1/2"]
[WhiteElo "1974"]
[BlackElo "2146"]
[PlyCount "36"]
[EventDate "2003.05.16"]
[EventType "swiss"]
[EventRounds "7"]
[EventCountry "CAN"]
[Source "Mark Crowther"]
[SourceDate "2003.05.26"]

1. e4 c5 2. Nf3 Nc6 3. d4 cxd4 4. Nxd4 Nf6 5. Nc3 e5 6. Ndb5 d6 7. Bg5 a6 8.
Na3 b5 9. Nd5 Be7 10. Bxf6 Bxf6 11. c3 O-O 12. Bd3 Be6 13. Nc2 Bxd5 14. exd5
Ne7 15. h4 Nxd5 16. Bxh7+ Kxh7 17. Qxd5 Kg8 18. O-O-O Bxh4 1/2-1/2

[Event "Paul Keres mem (28th)"]
[Site "Vancouver CAN"]
[Date "2003.05.18"]
[Round "4"]
[White "Franett, Michael"]
[Black "Ivankovic, Goran"]
[Result "1-0"]
[WhiteElo "2095"]
[BlackElo "1993"]
[PlyCount "120"]
[EventDate "2003.05.16"]
[EventType "swiss"]
[EventRounds "7"]
[EventCountry "CAN"]
[Source "Mark Crowther"]
[SourceDate "2003.05.26"]

1. d4 Nf6 2. c4 e6 3. g3 d5 4. Nf3 c6 5. Qc2 Nbd7 6. Bg2 Bb4+ 7. Bd2 Qa5 8. a3
Bxd2+ 9. Nbxd2 O-O 10. O-O Re8 11. b4 Qc7 12. Rac1 a6 13. Rfe1 Nb6 14. e4 dxc4
15. Nxc4 Nxc4 16. Qxc4 Bd7 17. Ne5 Rad8 18. Red1 Qb6 19. Qc3 Re7 20. a4 Be8 21.
a5 Qc7 22. f4 Nd7 23. Ng4 f6 24. d5 exd5 25. exd5 Nb8 26. Ne3 Red7 27. Nf5 Rf7
28. d6 Qd7 29. Bh3 Kh8 30. Kg2 Qe6 31. Re1 Qd5+ 32. Kg1 Bd7 33. Rcd1 Qb5 34.
Nd4 Qh5 35. Be6 Bxe6 36. Nxe6 Re8 37. Nc5 Rd8 38. Qe3 h6 39. Qe2 Qxe2 40. Rxe2
Kg8 41. f5 h5 42. Re6 Rdf8 43. Kg2 Rd8 44. Kh3 Kh7 45. Rd3 g5 46. fxg6+ Kxg6
47. Re7 Rxd6 48. Rxf7 Rxd3 49. Rxb7 Rd8 50. Ne6 Rh8 51. Kh4 Kf5 52. Nc5 Rd8 53.
Rb6 Rd2 54. Kh3 Nd7 55. Nxd7 Rxd7 56. Rxa6 Rc7 57. Rb6 h4 58. gxh4 Ke4 59. a6
f5 60. Rb7 Rc8 1-0

[Event "Paul Keres mem (28th)"]
[Site "Vancouver CAN"]
[Date "2003.05.18"]
[Round "4"]
[White "Griffiths, Morgan"]
[Black "Mandic, Slaven"]
[Result "1-0"]
[WhiteElo "2181"]
[BlackElo "2037"]
[PlyCount "97"]
[EventDate "2003.05.16"]
[EventType "swiss"]
[EventRounds "7"]
[EventCountry "CAN"]
[Source "Mark Crowther"]
[SourceDate "2003.05.26"]

1. d4 e6 2. c4 b6 3. Nf3 Bb7 4. a3 f5 5. g3 Nf6 6. Bg2 d5 7. Ne5 Bd6 8. Qa4+ c6
9. cxd5 exd5 10. Bh3 Qc8 11. Qc2 g6 12. Bh6 Qe6 13. Nf3 Ne4 14. Bg7 Rg8 15. Be5
Nd7 16. Bxd6 Qxd6 17. Nbd2 h6 18. O-O O-O-O 19. b4 Kb8 20. Rfb1 Nxd2 21. Qxd2
b5 22. Kg2 Rde8 23. Qxh6 Rxe2 24. Bxf5 Nf6 25. Ne5 gxf5 26. Qxf6 Qxf6 27. Nd7+
Kc7 28. Nxf6 Rf8 29. Nh5 Bc8 30. Re1 Rfe8 31. Kf1 Rxe1+ 32. Rxe1 Rh8 33. Nf6
Rxh2 34. Re7+ Kb6 35. Rh7 Rxh7 36. Nxh7 a5 37. Ke2 axb4 38. axb4 Kc7 39. Ke3
Kd6 40. Kf4 Ke6 41. Ng5+ Kf6 42. Nf3 Ke6 43. Ne5 Kd6 44. Kg5 Be6 45. Kf6 Bc8
46. Nf7+ Kc7 47. Ke5 Bd7 48. f4 Bc8 49. Nd6 1-0

[Event "Paul Keres mem (28th)"]
[Site "Vancouver CAN"]
[Date "2003.05.18"]
[Round "4"]
[White "Kosinski, George"]
[Black "Jung, William"]
[Result "1-0"]
[WhiteElo "2001"]
[BlackElo "1808"]
[PlyCount "49"]
[EventDate "2003.05.16"]
[EventType "swiss"]
[EventRounds "7"]
[EventCountry "CAN"]
[Source "Mark Crowther"]
[SourceDate "2003.05.26"]

1. Nf3 c5 2. e4 Nc6 3. g3 d6 4. d3 e6 5. Bg2 Nf6 6. O-O Be7 7. Nbd2 O-O 8. Ne1
e5 9. a4 Ne8 10. c3 Be6 11. Nc4 Rb8 12. Ne3 Qd7 13. f4 f5 14. exf5 Bxf5 15.
Nxf5 Qxf5 16. Qb3+ c4 17. Qxc4+ Kh8 18. fxe5 Qxe5 19. Rxf8+ Bxf8 20. Bf4 Qf6
21. Nf3 h6 22. Rf1 Nc7 23. Nd4 Nxd4 24. Qxc7 Ne2+ 25. Kh1 1-0

[Event "Paul Keres mem (28th)"]
[Site "Vancouver CAN"]
[Date "2003.05.18"]
[Round "4"]
[White "Kostadinov, Georgi"]
[Black "Tang, Edward"]
[Result "1-0"]
[WhiteElo "2188"]
[BlackElo "1855"]
[PlyCount "135"]
[EventDate "2003.05.16"]
[EventType "swiss"]
[EventRounds "7"]
[EventCountry "CAN"]
[Source "Mark Crowther"]
[SourceDate "2003.05.26"]

1. d4 Nf6 2. Bg5 e6 3. e4 h6 4. Bxf6 Qxf6 5. Nf3 g6 6. Nbd2 Bg7 7. Bd3 O-O 8.
Qe2 c5 9. e5 Qe7 10. c3 cxd4 11. cxd4 d6 12. O-O Nc6 13. a3 b6 14. Rac1 Bb7 15.
Be4 Rac8 16. Qb5 d5 17. Bb1 Nb8 18. Qa4 Rxc1 19. Rxc1 Rc8 20. Qd1 Rxc1 21. Qxc1
Qd7 22. b4 Qc6 23. Qb2 Ba6 24. Bc2 Bb5 25. Qb3 Qc7 26. a4 Be8 27. Ne1 Bf8 28.
b5 Qe7 29. Bd3 Qc7 30. Qb2 Be7 31. f4 Bd7 32. g3 Bc8 33. Nc2 Bb7 34. Nf3 Nd7
35. Ne3 Bf8 36. g4 Qd8 37. Kg2 Qe7 38. Nc2 f5 39. exf6 Qxf6 40. Qc1 Kg7 41. g5
hxg5 42. fxg5 Qf7 43. Nh4 e5 44. Bxg6 Qe6 45. Qd1 Bd6 46. Qh5 Nf8 47. Bf5 Qe7
48. Ng6 Nxg6 49. Qxg6+ Kf8 50. h4 Bc7 51. Be6 Qg7 52. Qf5+ Ke7 53. h5 Qf8 54.
Qxf8+ Kxf8 55. h6 exd4 56. g6 Be5 57. g7+ Bxg7 58. hxg7+ Kxg7 59. Nxd4 a6 60.
Kf3 axb5 61. axb5 Kf6 62. Kf4 Kg6 63. Ke5 Kh5 64. Kd6 Kg5 65. Kc7 Ba8 66. Kb8
Kf4 67. Kxa8 Ke5 68. Kb7 1-0

[Event "Paul Keres mem (28th)"]
[Site "Vancouver CAN"]
[Date "2003.05.18"]
[Round "4"]
[White "Leblanc, Paul"]
[Black "Krzyzowski, Ernest"]
[Result "0-1"]
[WhiteElo "2000"]
[BlackElo "1811"]
[PlyCount "106"]
[EventDate "2003.05.16"]
[EventType "swiss"]
[EventRounds "7"]
[EventCountry "CAN"]
[Source "Mark Crowther"]
[SourceDate "2003.05.26"]

1. c4 c6 2. Nc3 d5 3. e3 Nf6 4. b3 Bf5 5. Bb2 e6 6. Nf3 a6 7. h3 Bd6 8. Nh4 Bg6
9. Nxg6 hxg6 10. Be2 Nbd7 11. Qc2 b5 12. a3 Kf8 13. d3 g5 14. Rf1 Ne5 15. d4
Ng6 16. c5 Bc7 17. O-O-O a5 18. Na2 Nh4 19. g3 Ng6 20. Bd3 Rh6 21. Rh1 Qd7 22.
Kb1 Ke7 23. Bf1 Ne4 24. Bg2 f5 25. Nc3 Rf8 26. Nxe4 fxe4 27. Bc3 Rf7 28. Rhe1
Rh8 29. Re2 Rhf8 30. Be1 Kd8 31. Ka2 Kc8 32. Rb1 Kb7 33. Rb2 Ka7 34. Bc3 e5 35.
Qd2 Qd8 36. b4 a4 37. Qc1 exd4 38. exd4 Qf6 39. Qe3 Ne7 40. Qc1 Nf5 41. Qd1 Re8
42. Qd2 Rfe7 43. g4 Nh4 44. Bh1 Ng6 45. f3 e3 46. Qe1 Nf4 47. Qf1 Qg6 48. Bg2
Qd3 49. Qe1 Qc4+ 50. Ka1 Nd3 51. Qb1 Qxc3 52. Rec2 Qxd4 53. Qd1 e2 0-1

[Event "Paul Keres mem (28th)"]
[Site "Vancouver CAN"]
[Date "2003.05.18"]
[Round "4"]
[White "Meng, Fanhao"]
[Black "Van Riemsdijk, Herman"]
[Result "1/2-1/2"]
[WhiteElo "2211"]
[BlackElo "2393"]
[PlyCount "69"]
[EventDate "2003.05.16"]
[EventType "swiss"]
[EventRounds "7"]
[EventCountry "CAN"]
[Source "Mark Crowther"]
[SourceDate "2003.05.26"]

1. e4 e5 2. Nf3 Nc6 3. Bb5 a6 4. Ba4 Nf6 5. Qe2 Be7 6. c3 d6 7. O-O Bd7 8. Bc2
O-O 9. Rd1 Nh5 10. d4 g6 11. Bh6 Re8 12. Nbd2 Bf8 13. Bxf8 Kxf8 14. dxe5 dxe5
15. Nc4 f6 16. Qd2 Re7 17. g3 Kg7 18. Ne3 Bh3 19. Qxd8 Rxd8 20. Rxd8 Nxd8 21.
Rd1 Nf7 22. Ne1 Be6 23. Bb3 Bxb3 24. axb3 Ng5 25. f3 Ne6 26. Nd3 Kf7 27. b4
Nhg7 28. Nc4 Ke8 29. Na5 c6 30. Nc5 Nxc5 31. bxc5 Ne6 32. b4 Ng5 33. Kf2 Nf7
34. c4 Rc7 35. Ke3 1/2-1/2

[Event "Paul Keres mem (28th)"]
[Site "Vancouver CAN"]
[Date "2003.05.18"]
[Round "4"]
[White "Milicevic, Dragoljub"]
[Black "Booker, Brad"]
[Result "0-1"]
[WhiteElo "2224"]
[BlackElo "2116"]
[PlyCount "96"]
[EventDate "2003.05.16"]
[EventType "swiss"]
[EventRounds "7"]
[EventCountry "CAN"]
[Source "Mark Crowther"]
[SourceDate "2003.05.26"]

1. g3 Nf6 2. Bg2 g6 3. e4 d6 4. d4 Bg7 5. h3 O-O 6. Nc3 e5 7. dxe5 dxe5 8. Bg5
c6 9. Nf3 Qc7 10. O-O Nbd7 11. Qd2 Nc5 12. Rfe1 Rd8 13. Qe3 Ne6 14. Bh6 Nd4 15.
Bxg7 Kxg7 16. Rac1 Be6 17. Nh4 h6 18. f4 b5 19. a3 a5 20. f5 Bd7 21. fxg6 fxg6
22. Rf1 Rf8 23. Rf2 b4 24. Nb1 Rf7 25. c3 bxc3 26. Nxc3 Qd6 27. Na4 Rb8 28. Nc5
Be8 29. Qc3 a4 30. Kh2 Ng4+ 31. hxg4 Rxf2 32. Kh1 Rbxb2 33. Nd3 Rbc2 34. Nxf2
Rxc3 35. Rxc3 Nb3 36. Kh2 Qxa3 37. Nd3 Qa1 38. Rc4 c5 39. Nxc5 Nxc5 40. Rxc5 a3
41. Nf3 a2 42. Nxe5 Qd4 43. Rc7+ Kf8 44. Nf3 Qb6 45. Rc1 Qb2 46. Rf1 Bb5 47.
Re1 Bd3 48. Nh4 Qf2 0-1

[Event "Paul Keres mem (28th)"]
[Site "Vancouver CAN"]
[Date "2003.05.18"]
[Round "4"]
[White "Neven, Knut"]
[Black "Pacheco, Sigfrido"]
[Result "1/2-1/2"]
[WhiteElo "2305"]
[BlackElo "2115"]
[PlyCount "93"]
[EventDate "2003.05.16"]
[EventType "swiss"]
[EventRounds "7"]
[EventCountry "CAN"]
[Source "Mark Crowther"]
[SourceDate "2001.05.14"]

1. d4 Nf6 2. c4 g6 3. Nc3 Bg7 4. e4 d6 5. h3 O-O 6. Bg5 c5 7. d5 h6 8. Be3 e6
9. Bd3 Na6 10. Nge2 exd5 11. cxd5 Re8 12. f3 Nc7 13. Qd2 Rb8 14. a4 a6 15. O-O
Kh7 16. Rab1 b5 17. axb5 Nxb5 18. Nxb5 axb5 19. b4 c4 20. Bc2 Bd7 21. Bd4 Ra8
22. Ra1 Qe7 23. g4 Bh8 24. Ng3 Ng8 25. Bxh8 Kxh8 26. Qd4+ Qe5 27. Ne2 Nf6 28.
Qxe5 dxe5 29. Kf2 Kg7 30. Ke3 g5 31. Kd2 h5 32. Kc3 hxg4 33. hxg4 Rh8 34. Rxa8
Rxa8 35. Kb2 Rh8 36. Nc3 Rh2 37. Kc1 Ne8 38. Kb2 Kf8 39. Ra1 Nd6 40. Ra7 Ke7
41. Kc1 Rf2 42. Bd1 Kd8 43. Be2 Rh2 44. Kd2 Rh1 45. Ra8+ Ke7 46. Rg8 Kf6 47.
Rd8 1/2-1/2

[Event "Paul Keres mem (28th)"]
[Site "Vancouver CAN"]
[Date "2003.05.18"]
[Round "4"]
[White "North, Robert"]
[Black "Chan, James"]
[Result "1/2-1/2"]
[WhiteElo "2156"]
[BlackElo "1965"]
[PlyCount "42"]
[EventDate "2003.05.16"]
[EventType "swiss"]
[EventRounds "7"]
[EventCountry "CAN"]
[Source "Mark Crowther"]
[SourceDate "2003.05.26"]

1. c4 f5 2. g3 g6 3. Bg2 Bg7 4. Nc3 Nf6 5. d3 d6 6. e4 e5 7. Nge2 Nbd7 8. O-O
fxe4 9. dxe4 a5 10. Nb5 Nc5 11. Nec3 Be6 12. b3 h6 13. f3 O-O 14. Be3 b6 15.
Qd2 Kh7 16. Rfd1 Qd7 17. Rab1 Ng8 18. Bxc5 bxc5 19. Na4 Qc8 20. Qc2 Ne7 21. Qd2
Nc6 1/2-1/2

[Event "Paul Keres mem (28th)"]
[Site "Vancouver CAN"]
[Date "2003.05.18"]
[Round "4"]
[White "Schuetzhold, Ralf"]
[Black "Poitras, Luc"]
[Result "1/2-1/2"]
[WhiteElo "2038"]
[BlackElo "2233"]
[PlyCount "68"]
[EventDate "2003.05.16"]
[EventType "swiss"]
[EventRounds "7"]
[EventCountry "CAN"]
[Source "Mark Crowther"]
[SourceDate "2003.05.26"]

1. e4 c5 2. c3 e6 3. d4 d5 4. exd5 exd5 5. Bb5+ Nc6 6. Nf3 Bd6 7. O-O Nge7 8.
dxc5 Bxc5 9. Bf4 O-O 10. Nbd2 Ng6 11. Bg3 f5 12. Bxc6 bxc6 13. Be5 Ba6 14. c4
dxc4 15. Bc3 Qd5 16. g3 Rae8 17. Re1 f4 18. Rxe8 Rxe8 19. Qf1 fxg3 20. hxg3 Rf8
21. Qe2 Bc8 22. Re1 Bg4 23. Kg2 h5 24. Qe4 Ne7 25. Nd4 Nc8 26. f3 Bd7 27. Qe5
Re8 28. Qxd5+ cxd5 29. Rxe8+ Bxe8 30. Ne6 Bf8 31. Bd4 g6 32. Nb1 Be7 33. Nc3
Kf7 34. Nc7 Bc6 1/2-1/2

[Event "Paul Keres mem (28th)"]
[Site "Vancouver CAN"]
[Date "2003.05.18"]
[Round "4"]
[White "Spears, Nicholas"]
[Black "Bouvier, Jesse"]
[Result "1-0"]
[WhiteElo "2212"]
[BlackElo "2081"]
[PlyCount "89"]
[EventDate "2003.05.16"]
[EventType "swiss"]
[EventRounds "7"]
[EventCountry "CAN"]
[Source "Mark Crowther"]
[SourceDate "2003.05.26"]

1. Nf3 d5 2. d4 Nc6 3. g3 Bg4 4. Bg2 Qd7 5. Ne5 Nxe5 6. dxe5 e6 7. c4 c6 8. O-O
Ne7 9. Nc3 a6 10. Qa4 Bh5 11. Rd1 Rd8 12. g4 Bg6 13. Bg5 h6 14. Bh4 h5 15. e4
d4 16. c5 hxg4 17. Bg5 Rh5 18. Be3 dxe3 19. Rxd7 exf2+ 20. Kxf2 Rxd7 21. Rd1
Nc8 22. Rxd7 Kxd7 23. Qd4+ Kc7 24. b4 Be7 25. Ne2 Rxh2 26. Kg3 Rh6 27. Nf4 Bg5
28. Kxg4 Bxf4 29. Kxf4 Rh8 30. a4 Rd8 31. Qb2 Na7 32. Bf1 Rh8 33. Qf2 Rd8 34.
Bc4 Rd1 35. Qe3 Rd8 36. Qg1 Re8 37. Qg5 Kd7 38. Qg4 Kc7 39. Qg2 Re7 40. Qe2 Rd7
41. Ke3 Rd8 42. Bxa6 bxa6 43. Qxa6 Nc8 44. b5 cxb5 45. axb5 1-0

[Event "Paul Keres mem (28th)"]
[Site "Vancouver CAN"]
[Date "2003.05.18"]
[Round "4"]
[White "Stanford, Mike"]
[Black "Balbutin, Nelson"]
[Result "1/2-1/2"]
[WhiteElo "2192"]
[BlackElo "1968"]
[PlyCount "47"]
[EventDate "2003.05.16"]
[EventType "swiss"]
[EventRounds "7"]
[EventCountry "CAN"]
[Source "Mark Crowther"]
[SourceDate "2003.05.26"]

1. e4 c5 2. Nf3 a6 3. c4 Nc6 4. d4 cxd4 5. Nxd4 Nf6 6. Nc3 g6 7. Be3 Bg7 8. Be2
d6 9. Qd2 O-O 10. O-O Ne5 11. f3 Bd7 12. b3 Re8 13. Rfd1 Rc8 14. Bg5 Rc5 15.
Rac1 Qa5 16. Bxf6 Bxf6 17. Nd5 Rxd5 18. cxd5 Qxd2 19. Rxd2 Bg5 20. Rdd1 Bxc1
21. Rxc1 Rc8 22. Rxc8+ Bxc8 23. Kf2 g5 24. g3 1/2-1/2

[Event "Paul Keres mem (28th)"]
[Site "Vancouver CAN"]
[Date "2003.05.18"]
[Round "4"]
[White "Steininger, Gavin"]
[Black "Neufahrt, Gerhard"]
[Result "1/2-1/2"]
[WhiteElo "1869"]
[BlackElo "2044"]
[PlyCount "67"]
[EventDate "2003.05.16"]
[EventType "swiss"]
[EventRounds "7"]
[EventCountry "CAN"]
[Source "Mark Crowther"]
[SourceDate "2003.05.26"]

1. e4 g6 2. d4 c6 3. Nc3 Bg7 4. Bc4 e6 5. Nf3 d5 6. Bb3 Ne7 7. Bf4 b5 8. a3 a5
9. Qd2 h6 10. O-O g5 11. Bxb8 Rxb8 12. exd5 exd5 13. Rae1 O-O 14. Ne5 f6 15.
Nxc6 Nxc6 16. Bxd5+ Kh8 17. Bxc6 b4 18. axb4 axb4 19. Ne2 Rb6 20. Be4 f5 21.
Bd3 Bxd4 22. Nxd4 Qxd4 23. Qe3 Rd6 24. Qxd4+ Rxd4 25. b3 Kg7 26. Re7+ Rf7 27.
Rxf7+ Kxf7 28. Ra1 Be6 29. Ra7+ Kf6 30. Ra6 Ke5 31. Kf1 Bxb3 32. Rxh6 Bd5 33.
Ke2 Bxg2 34. Rb6 1/2-1/2

[Event "Paul Keres mem (28th)"]
[Site "Vancouver CAN"]
[Date "2003.05.18"]
[Round "4"]
[White "Stephens, Desmond"]
[Black "Kerry, James"]
[Result "1-0"]
[WhiteElo "1761"]
[BlackElo "2016"]
[PlyCount "89"]
[EventDate "2003.05.16"]
[EventType "swiss"]
[EventRounds "7"]
[EventCountry "CAN"]
[Source "Mark Crowther"]
[SourceDate "2003.05.26"]

1. d4 d5 2. c4 c6 3. Nc3 Nf6 4. Bg5 Bf5 5. e3 e6 6. Bd3 Bxd3 7. Qxd3 Nbd7 8.
Nf3 Be7 9. O-O O-O 10. Rad1 Rc8 11. e4 dxe4 12. Nxe4 Nxe4 13. Bxe7 Qxe7 14.
Qxe4 Qb4 15. b3 Nf6 16. Qe2 c5 17. dxc5 Rxc5 18. Ne5 b5 19. Nd3 Qa3 20. Nxc5
Qxc5 21. cxb5 Nd5 22. Rc1 Qa3 23. Rfd1 h6 24. Rc4 Qa5 25. Ra4 Qb6 26. Qc4 Qb8
27. Rc1 Nb6 28. Qc7 Nxa4 29. Qxb8 Rxb8 30. bxa4 Kf8 31. Rb1 Ke7 32. a5 Kd7 33.
Kf1 Kc7 34. Ke2 Kd6 35. a4 Kc5 36. Kd3 Rd8+ 37. Kc3 e5 38. Rc1 Rb8 39. Rd1 Rb7
40. Rc1 f5 41. Kb3+ Kd5 42. Kb4 e4 43. a6 Re7 44. a5 f4 45. b6 1-0

[Event "Paul Keres mem (28th)"]
[Site "Vancouver CAN"]
[Date "2003.05.18"]
[Round "4"]
[White "Wu, Howard"]
[Black "Oszvald, Joseph"]
[Result "1-0"]
[WhiteElo "2136"]
[BlackElo "2097"]
[PlyCount "99"]
[EventDate "2003.05.16"]
[EventType "swiss"]
[EventRounds "7"]
[EventCountry "CAN"]
[Source "Mark Crowther"]
[SourceDate "2003.05.26"]

1. e4 g6 2. d4 Bg7 3. Nf3 c5 4. dxc5 Qa5+ 5. Bd2 Qxc5 6. Nc3 Nf6 7. Bd3 O-O 8.
O-O d5 9. Be3 Qa5 10. e5 Ng4 11. Bf4 Nc6 12. Qe2 Rd8 13. Rfe1 a6 14. a3 b5 15.
h3 Nh6 16. b4 Qb6 17. Qd2 Nf5 18. Bxf5 Bxf5 19. Rad1 Qb7 20. Qe2 Be6 21. Ng5
Qc8 22. Qf3 d4 23. Nxe6 Qxe6 24. Ne4 Qd5 25. Qg3 a5 26. bxa5 Rxa5 27. e6 fxe6
28. Bc7 Rda8 29. Bxa5 Rxa5 30. Ng5 e5 31. Qg4 Rxa3 32. Qc8+ Nd8 33. Ra1 Rc3 34.
Qb8 h6 35. Ne4 Rxc2 36. Ra8 Kf7 37. Qxd8 Qxd8 38. Rxd8 Ke6 39. Rb1 Kf5 40. f3
h5 41. Rxb5 Bh6 42. Rb1 Be3+ 43. Kf1 h4 44. Rf8+ Ke6 45. Rb6+ Kd7 46. Rb7+ Ke6
47. Re8 Rc1+ 48. Ke2 Rc2+ 49. Kd3 Rxg2 50. Rbxe7+ 1-0

[Event "Paul Keres mem (28th)"]
[Site "Vancouver CAN"]
[Date "2003.05.18"]
[Round "5"]
[White "Angelvette, Duane"]
[Black "Martinson, Rick"]
[Result "1-0"]
[WhiteElo "1670"]
[BlackElo "1810"]
[PlyCount "82"]
[EventDate "2003.05.16"]
[EventType "swiss"]
[EventRounds "7"]
[EventCountry "CAN"]
[Source "Mark Crowther"]
[SourceDate "2003.05.26"]

1. e4 c5 2. Nf3 d6 3. d4 cxd4 4. Nxd4 Nf6 5. Nc3 a6 6. Bc4 e6 7. Be3 Be7 8. Qe2
Nc6 9. Bb3 Qc7 10. O-O-O Na5 11. g4 Nxb3+ 12. axb3 b5 13. g5 Nd7 14. Nf5 g6 15.
Nxe7 Kxe7 16. f4 Bb7 17. Rhe1 b4 18. Nd5+ exd5 19. exd5 Kf8 20. Bd4 Kg8 21. Rd3
Nf8 22. c4 bxc3 23. Bxc3 h5 24. f5 Rh7 25. Qe4 Bc8 26. fxg6 fxg6 27. Qd4 Qf7
28. Rde3 Ra7 29. Qf6 Qxf6 30. gxf6 Bf5 31. Re7 Rd7 32. Re8 Rhf7 33. Ra8 Bd3 34.
Ree8 Bb5 35. Kc2 Ra7 36. Rxf8+ Rxf8 37. Rxa7 Rd8 38. Rg7+ Kf8 39. Rxg6 Be2 40.
Rh6 Kf7 41. Kd2 Re8 1-0

[Event "Paul Keres mem (28th)"]
[Site "Vancouver CAN"]
[Date "2003.05.18"]
[Round "5"]
[White "Balbutin, Nelson"]
[Black "Spears, Nicholas"]
[Result "1-0"]
[WhiteElo "1968"]
[BlackElo "2212"]
[PlyCount "57"]
[EventDate "2003.05.16"]
[EventType "swiss"]
[EventRounds "7"]
[EventCountry "CAN"]
[Source "Mark Crowther"]
[SourceDate "2003.05.26"]

1. e4 e5 2. Nf3 Nf6 3. Nxe5 Nxe4 4. d4 d6 5. Nf3 d5 6. Bd3 Bd6 7. O-O Bg4 8. c4
c6 9. Re1 f5 10. Nc3 O-O 11. h3 Bh5 12. cxd5 Nxc3 13. bxc3 cxd5 14. Be2 Nd7 15.
Rb1 b6 16. Rb5 Nf6 17. Bg5 Qc7 18. Bxf6 Rxf6 19. Qb3 Re8 20. Kf1 Kh8 21. Ne5
Bxe2+ 22. Rxe2 Bxe5 23. dxe5 Rxe5 24. Qxd5 Rd6 25. Qxe5 Rd1+ 26. Re1 Qc4+ 27.
Qe2 Rxe1+ 28. Kxe1 Qxc3+ 29. Qd2 1-0

[Event "Paul Keres mem (28th)"]
[Site "Vancouver CAN"]
[Date "2003.05.18"]
[Round "5"]
[White "Booker, Brad"]
[Black "Basanta, Gary"]
[Result "1/2-1/2"]
[WhiteElo "2116"]
[BlackElo "2410"]
[PlyCount "160"]
[EventDate "2003.05.16"]
[EventType "swiss"]
[EventRounds "7"]
[EventCountry "CAN"]
[Source "Mark Crowther"]
[SourceDate "2003.05.26"]

1. Nf3 Nf6 2. g3 b6 3. Bg2 Bb7 4. O-O e6 5. d3 Be7 6. e4 d6 7. Nbd2 O-O 8. Re1
c5 9. c3 Nbd7 10. Qc2 Qc7 11. Nf1 Rfe8 12. Bf4 e5 13. Bd2 b5 14. Rac1 Bf8 15.
h3 Bc6 16. g4 d5 17. Ng3 c4 18. dxc4 dxe4 19. Ng5 e3 20. Rxe3 Bxg2 21. Kxg2
Qxc4 22. Kg1 h6 23. b3 Qc7 24. N5e4 Nd5 25. Rf3 g6 26. h4 Bg7 27. h5 Nf4 28. g5
hxg5 29. hxg6 fxg6 30. Nxg5 Nf8 31. Qe4 Rad8 32. Bxf4 exf4 33. Qxf4 Qxf4 34.
Rxf4 Bh6 35. Rg4 Nd7 36. f4 Nf6 37. Rh4 Bf8 38. Nf1 Bc5+ 39. Kh1 Kg7 40. Nf3
Re2 41. Nd4 Bxd4 42. cxd4 Ne4 43. Kg1 Rxd4 44. Rh2 Rxh2 45. Kxh2 Kf6 46. Kg2
Rd3 47. Rc8 Kf5 48. Rf8+ Ke6 49. Re8+ Kf5 50. Rf8+ Ke6 51. Re8+ Kd5 52. Rg8 Rc3
53. Rxg6 Rc2+ 54. Kh3 Rxa2 55. Rg2 Ra3 56. Ne3+ Kc5 57. Rb2 Ra6 58. Kg4 Kd4 59.
Kf3 Rc6 60. Nf5+ Kd3 61. b4 Nf6 62. Rb3+ Kc4 63. Rb1 Ra6 64. Ne3+ Kc3 65. f5
Ra3 66. Kf4 Kd2 67. Ng4 Nd5+ 68. Ke5 Nb6 69. f6 Nd7+ 70. Ke6 Kc2 71. Re1 Nf8+
72. Kf7 Nh7 73. Kg6 Nf8+ 74. Kf7 Nd7 75. Ke7 Nxf6 76. Nxf6 Kb3 77. Nd5 Kc4 78.
Kd6 Rh3 79. Rc1+ Kb3 80. Ra1 a6 1/2-1/2